Famous Fictional Rabbits and Hares 🐰 - Statistics

General Stats
  • This quiz has been taken 425 times
    96 since last reset
  • The average score is 9 of 17
Answer Stats
Debut Hint Character % Correct
1678 A rabbit who brings eggs to children in celebration of Christ Easter Bunny
97%
1938 Voiced originally by Mel Blanc in the Looney Tunes and Merrie Melodies series Bugs Bunny
86%
1942 Bambi and Flower's best friend Thumper
77%
1902 Main character in six books by Beatrix Potter Peter Rabbit
75%
1981 A frantic rabbit framed for murder Roger Rabbit
74%
1865 Alice follows him down the rabbit hole. White Rabbit
73%
1926 A yellow rabbit who is a good friend of Christopher Robin Rabbit
61%
2016 Optimistic police officer rabbit in Zootopia Judy Hopps
58%
2005 Nocturnal creature that eats prized vegetables in Wallace and Gromit's town Were-Rabbit
56%
1988 Beats a bass drum; just keeps going and going and going and going... Energizer Bunny
47%
1932 In North American folklore, a jackrabbit with antelope horns Jackalope
44%
1959 Always denied his favorite cereal, because it's for kids Trix Rabbit
41%
1865 Equally as mad as the mad hatter and always believes it is tea-time March Hare
39%
1800s Cunning central figure of Uncle Remus's stories of the Southern U.S. Br'er Rabbit
30%
1990 The two main characters of Tiny Toons (name either) {Buster} and {Babs} Bunny
19%
1944 The tall, invisible, rabbit-like title character from the James Stewart film Harvey
19%
2001 7-foot-tall apocalyptic rabbit in Donnie Darko Frank
10%
No matching quizzes found
Score Distribution
Percent of People with Each Score
Percentile by Number Answered
Your Score History
You have not taken this quiz since the last reset